Logo

Description automatically generated
विद्यार्जन
 संसाधन केंद्र, भारतीय प्रौद्योगिकी संस्थान इन्दौर
Learning Resource Center, Indian Institute of Technology Indore

ऑनलाइन सार्वजनिक अभिगम प्रसूची
Online Public Access Catalogue (OPAC)

Robert Ludlum's The Bourne imperative (Record no. 57335)

MARC details
000 -LEADER
fixed length control field 00634nam a2200217Ia 4500
005 - DATE AND TIME OF LATEST TRANSACTION
control field 20260629163255.0
008 - FIXED-LENGTH DATA ELEMENTS--GENERAL INFORMATION
fixed length control field 260629s9999||||xx |||||||||||||| ||und||
020 ## - INTERNATIONAL STANDARD BOOK NUMBER
International Standard Book Number 9781409116462
Qualifying information pbk
082 ## - DEWEY DECIMAL CLASSIFICATION NUMBER
Classification number 813.54
Item number LUS
100 ## - MAIN ENTRY--PERSONAL NAME
Personal name Lustbader, Eric Van
245 #0 - TITLE STATEMENT
Title Robert Ludlum's The Bourne imperative
260 ## - PUBLICATION, DISTRIBUTION, ETC.
Place of publication, distribution, etc. London
Name of publisher, distributor, etc. Orion Books
Date of publication, distribution, etc. 2012
300 ## - PHYSICAL DESCRIPTION
Extent 435p. ; 23cm.
490 ## - SERIES STATEMENT
Series statement The Bourne Series
653 ## - INDEX TERM--UNCONTROLLED
Uncontrolled term Bourne, Jason (Fictitious character)—Fiction
653 ## - INDEX TERM--UNCONTROLLED
Uncontrolled term Intelligence officers—Fiction
653 ## - INDEX TERM--UNCONTROLLED
Uncontrolled term International crime—Fiction
653 ## - INDEX TERM--UNCONTROLLED
Uncontrolled term Spy stories
653 ## - INDEX TERM--UNCONTROLLED
Uncontrolled term Suspense fiction
942 ## - ADDED ENTRY ELEMENTS (KOHA)
Koha item type Book
Holdings
Withdrawn status Lost status Damaged status Not for loan Home library Current library Shelving location Date acquired Source of acquisition Total Checkouts Full call number Barcode Date last seen Price effective from Koha item type
        LRC, IIT Indore LRC, IIT Indore 2nd Floor - General Stack 29/06/2026 Gratis Book Price: INR 695.00   813.54 LUS G2560 29/06/2026 29/06/2026 Book
Copyright © 2017-2026 Indian Institute of Technology Indore. All Rights Reserved.
Managed & maintained by Learning Resource Center, IIT Indore